| 000 | 00987cam a22003015a 4500 | ||
|---|---|---|---|
| 001 | 11457479 | ||
| 005 | 20160328122022.0 | ||
| 008 | 141118t2015 gw a frb 001 0 eng d | ||
| 020 | _a9783319068312 | ||
| 082 | 0 | 4 |
_a617.643 _222 _bHAR |
| 100 | 1 |
_aHarfin, Julia F. de. _939692 |
|
| 245 | 1 | 0 |
_aAchieving clinical success in lingual orthodontics / _cJulia Harfin, Augusto Ureña. |
| 260 |
_aCham : _bSpringer, _cc.2015. |
||
| 300 |
_axii, 182 p. : _bill. ; _c24 cm. |
||
| 500 | _aIndex : p. 179-182. | ||
| 504 | _aIncludes bibliographical references. | ||
| 650 | 7 |
_aOrthodontics, Corrective. _2BUEsh _939693 |
|
| 650 | 7 |
_aOrthodontic appliances. _2BUEsh _939694 |
|
| 651 | _2BUEsh | ||
| 653 |
_bDDent _cMarch2016 |
||
| 700 | 1 | _aUreña, Augusto. | |
| 710 | 2 | _aSpringerLink (Online service) | |
| 773 | 0 | _tSpringer eBooks | |
| 773 | 0 | _tSpringerLINK ebooks - Medicine (2015) | |
| 776 | 0 | 8 |
_iPrinted edition: _z9783319068312 |
| 910 | _aVendor-generated brief record | ||
| 942 | _2ddc | ||
| 999 |
_c21522 _d21494 |
||